| 000 | 01035cmm a2200193 a 4500 | ||
|---|---|---|---|
| 999 |
_c6022 _d6022 |
||
| 020 | _a0256176825 | ||
| 050 | 0 | 0 |
_aHF1017 _b.O9 |
| 100 | 1 | _aHall, Owen P. | |
| 245 | 1 | 0 |
_aComputerized business statistics _cby Owen Hall. |
| 250 | _aVersion 1.1a, 4th ed. | ||
| 260 |
_aBurr Ridge, Ill. : _bIrwin, _c1996. |
||
| 300 |
_a1 computer disk ; _c3 1/2 in. + _e1 manual (v, 231 p.) |
||
| 500 | _aTitle from disk label. | ||
| 500 | _aEd. statements from disk label and t.p. of manual. | ||
| 505 | _a1. Introduction 2. Database management 3. Descriptive statistics 4. Probability theory 5. Probability functions 6. Survey designs 7. Sampling and estimation 8. Hypothesis testing 9. Simple linear correlation and regression 10. Multiple regression analysis 11. Time series and forecasting 12. Chi-square analysis 13. Analysis of variance 14. Nonparametric methods 15. Decision analysis 16. Statistical quality control 17. Appendices | ||
| 650 | 0 |
_aCommercial statistics _xSoftware. |
|
| 650 | 0 |
_aStatistics _xSoftware. |
|
| 942 | _cBK | ||